Odmiana czasownika haben - język niemiecki - Statystyki

Ogólne statystyki
  • Ten quiz został rozwiązany 11 razy
  • Średni wynik to 5 z 6
Statystyki odpowiedzi
Osoby Odmiana haben % Poprawnych
Ich habe
100%
Du hast
100%
Wir haben
86%
Sie/sie haben
86%
Er/sie/es hat
86%
Ihr habt
71%
Nie znaleziono quizów pasujących do podanych kryteriów
Rozkład punktacji
Procent ludzi z każdym wynikiem
Percentyl według liczby udzielonych odpowiedzi
Twoja historia wyników
Nie rozwiązałeś tego quizu